000 01045 a2200241 4500
999 _c2325
_d2325
020 _a0534565026
050 0 0 _aHM51.SOC 2000
100 _aCargan, Leonard
245 0 0 _aSociological footprints :
_bintroductory readings in sociology /
_c Leonard Cargan, Jeanne H. Ballantine.
250 _a8th ed.
264 _aBoston:
_bWadsworth.,
_c2000
300 _axv, 474 p. :
_bill. ;
500 _aIncludes bibliographical references.
504 _aIncludes bibliographical references.
650 0 _aSociology.
700 1 _aCargan, Leonard.
700 1 _aBallantine, Jeanne H.
856 4 2 _3Contributor biographical information
_uhttp://www.loc.gov/catdir/enhancements/fy1515/99019047-b.html
856 4 2 _3Publisher description
_uhttp://www.loc.gov/catdir/enhancements/fy1515/99019047-d.html
856 4 1 _3Table of contents only
_uhttp://www.loc.gov/catdir/enhancements/fy1515/99019047-t.html
942 _2lcc
_cBK
_e8th
_h51
_iSOC
_kHM